000 00889nam a22002533 4500
001 79337
003 BD-RjUL
005 20220207122331.0
008 931015m18831886ne 000 0
035 _a(BD-RjUL)79337
040 _aBD-RjUL
_beng
_cBD-RjUL
041 _asem
082 _223
_a915.4
_bRAL 1883
100 0 _aBuzurg b. Shahriyâr
_91192
245 1 0 _aLivre des merveilles de l'Inde, texte arabe publ. par P. A. van der Lith, tr. fr. par L. M. Devic./
_cBuzurg b Šahriyār al- Rāmhurmuzī; L Marcel Devic; P A van der Lith
260 _aLeide
_c1883-86
300 _c33 cm
_bill. :
_aV. : [191 cm.]
650 _aTravel
_zIndia
_91197
690 0 0 _aSemitic languages and literatures
_91193
700 1 _aDevic, L. Marcel,
_etranslator.
_91194
700 1 _aLith, Pieter Antonie van der,
_eed.
_91195
752 _aNetherlands
_dLeiden
942 _2ddc
_cBK
999 _c79337
_d79337